| 000 | 01077nam0a2200337 4500 | ||
|---|---|---|---|
| 001 | RU\NLR\BIBL_A\022344898 | ||
| 005 | 20260420015452.0 | ||
| 010 |
_a978-5-00211-806-9 _920000 |
||
| 021 |
_aRU _bКН-П-24-048441 _9КН-П-24-4819 |
||
| 035 | _a(NLR Aleph) 022344898 | ||
| 090 |
_a13666627 _c13666627 |
||
| 100 | _a20241007d2024 u y0rusy50 ca | ||
| 101 | 0 | _arus | |
| 102 | _aRU | ||
| 105 | _ay|||z|||000ay | ||
| 181 | 0 |
_ai3 _baxxe |
|
| 182 | 0 | _an | |
| 200 | 1 |
_aВалентин _fДана Делон |
|
| 203 |
_aТекст _bвизуальный _cнепосредственный |
||
| 210 |
_aМосква _cTrend books [и др.] _d2024 |
||
| 215 |
_a477, [1] с. _d18 |
||
| 225 | 1 | _a#trendbooks mini | |
| 300 | _aДоп. информ. в ссылках QR-кода кн. | ||
| 333 | _a18+ | ||
| 686 | 2 | _aШ6(2=Р)6-4 | |
| 700 | 1 |
_7ca _8rus _aДелон _bД. _f1993- _gДана _92700152 _3RU\NLR\AUTH\770274441 |
|
| 942 | _cBOOK | ||
| 980 | _aNB | ||